00886 2200313 4500001002100000005001700021008004100038020001800079035002400097082001000121090002000131100001800151245013300169250001100302260002800313300002400341500003800365650002100403700001700424700001300441700001200454700002700466850001700493980001100510985000600521986001500527999001500542999001500557YOGYA-0209000003918120090227025439.0 ind  a979-688-899-8 0010-020900000039181 a028.5 a028.5bWon FlK aWON, Yoo Soon aFido bisa membacacpenulis Won Yoo-Soon ; ilustrator Lee Hyun-Mi ; alih bahasa, Kimberly dan Ibnu Wahyudi, Mercy Maida Panjaitan aCet. 1 aJakartabErlanggac2003 a94 hlmbilusc24 cm aJudul asli : A Boy who can't read aBacaan Bergambar aLee, Hyun-Mi aKimberly aWahyudi aPanjaitan, Mercy Maida aYOPDYOG(JSC) a220206 a2 apkl-umyrtr a05B0007385 a05B0007386